It looks like you're offline.
Open Library logo
additional options menu

MARC Record from Scriblio

Record ID marc_records_scriblio_net/part19.dat:98367188:709
Source Scriblio
Download Link /show-records/marc_records_scriblio_net/part19.dat:98367188:709?format=raw

LEADER: 00709cam 2200229 a 4500
001 87027670 //r88
003 DLC
005 19881018000000.0
008 870921s1988 caua b 00110 eng
010 $a 87027670 //r88
020 $a0534090001
050 0 $aRJ504$b.T49 1988
082 0 $a618.92/8914$219
100 10 $aThompson, Charles L.
245 10 $aCounseling children /$cCharles L. Thompson, Linda B. Rudolph.
250 $a2nd ed.
260 0 $aPacific Grove, Calif. :$bBrooks/Cole Pub. Co.,$cc1988.
300 $axiv, 450 p. :$bill. ;$c24 cm.
504 $aIncludes bibliographies and indexes.
650 0 $aChild psychotherapy.
650 0 $aChildren$xCounseling of.
700 10 $aRudolph, Linda B.,$d1937-